Guía de estudio derechos reales /

Guardado en:
Autor Principal: Font, Monserrat Andrea.
Formato: Libro
Idioma:Spanish
Publicado: Ciudad Autónoma de Buenos Aires : Estudio, 2016.
Edición:12a. ed.
Series:Guías de estudio
Materias:
Etiquetas: Agregar Etiqueta
Sin Etiquetas, Sea el primero en etiquetar este registro!
LEADER 00521nam a22001695a 4500
001 DER.der014047
008 190911s2016####ag############000#0#spa#d
005 20241023112606.0
245 1 0 |a Guía de estudio derechos reales /  |c Monserrat Andrea Font. 
250 |a 12a. ed. 
260 |a Ciudad Autónoma de Buenos Aires :  |b Estudio,  |c 2016. 
300 |a 320 p. 
490 0 |a Guías de estudio 
020 |a 9789508975355 
100 1 |a Font, Monserrat Andrea. 
650 7 |a DERECHOS REALES 
859 |a DERECHO  |b BIB. DERECHO  |h 346.043  |i FON  |p 009273